| 000 | 00699nam a2200205 a 4500 | ||
|---|---|---|---|
| 005 | 20230615063547.0 | ||
| 008 | 030312s1999 ag r 000 0 spa d | ||
| 020 | _a9507241906 | ||
| 035 | _aUPN01000122846 | ||
| 049 | _aCG | ||
| 050 | 4 |
_aLB1032 _bA5.58 |
|
| 100 | 1 |
_aAntunes, Celso, _d1937- _927912 |
|
| 245 | 1 | 0 |
_aManual de técnicas de dinámica de grupo, de sensibilización y lúdico-pedagógicas / _cCelso Antunes; tr. Pablo Reyes. |
| 260 |
_aBuenos Aires : _bLumen, _c1999. |
||
| 300 | _a228 p. | ||
| 440 | 0 | _aPsicología | |
| 534 |
_pTraducción de: _tManual de técnicas de dinámica de grupo de sensibilizacao de ludopedagogía |
||
| 650 | 4 |
_aDinámica de grupos _96712 |
|
| 905 | _aLibro | ||
| 999 |
_c95029 _d95029 |
||